| 000 | 00570nam a2200205Ia 4500 | ||
|---|---|---|---|
| 003 | GCL | ||
| 008 | 140319s9999 xx 000 0 eng d | ||
| 020 | _a0394390598 | ||
| 040 |
_aGCL / _cGCL |
||
| 082 | 0 | 4 |
_a004.16 _bJ M |
| 100 | 1 | _aJOHNSTON, RANDOLPH | |
| 245 | 1 | 0 |
_aMICROCOMPUTERS : CONCEPTS AND APPLICATIONS / _cJOHNSTON, RANDOLPH |
| 260 |
_aنيويورك : _bMITCHELL BEAZLEY ، _c1987 |
||
| 300 |
_a23 CM ؛ _c191 P |
||
| 650 | 0 | 4 | _aMICRO COMPUTERS |
| 650 | 0 | 4 | _aWORD PROCESSING |
| 650 | 0 | 4 | _aMICRO COMPUTER SOFTWARE |
| 650 | 0 | 4 | _aDATABASE |
| 942 |
_2ddc _cBK |
||
| 999 |
_c8536 _d8536 |
||